[Event "AUTO-ADV-2897"]
[Site "http://www.queenalice.com/game.php?id=1197392"]
[Date "2013.7.6"]
[Round "1"]
[White "hatu"]
[Black "thewhitebishop"]
[Result "1-0"]
[WhiteElo "1900"]
[BlackElo "2020"]

1. e4 Nf6 2. e5 Nd5 3. d4 c5 4. c4 Nb4 5. d5 a5 6. a3 N4a6 7. Nf3 d6 8. Be2 e6
9. O-O exd5 10. cxd5 Nd7 11. e6 fxe6 12. dxe6 Nf6 13. Ng5 Qb6 14. Nc3 Nc7 15.
Bc4 d5 16. Bxd5 Nfxd5 17. Nxd5 Nxd5 18. Qxd5 Be7 19. Qf5 g6 20. Qf7+ Kd8 21.
Rd1+ Bd6 22. Bf4 1-0

[Event "AUTO-ADV-2897"]
[Site "http://www.queenalice.com/game.php?id=1197393"]
[Date "2013.7.6"]
[Round "1"]
[White "thewhitebishop"]
[Black "hatu"]
[Result "0-1"]
[WhiteElo "1989"]
[BlackElo "1939"]

1. d4 Nf6 2. c4 e6 3. Nc3 Bb4 4. f3 d5 5. a3 Bxc3+ 6. bxc3 O-O 7. Bg5 h6 8. Bh4
Nbd7 9. e3 c5 10. Bd3 Qa5 11. Ne2 dxc4 12. Bxc4 cxd4 13. exd4 b6 14. O-O Ba6 15.
Qb3 Rac8 16. Bxa6 Qxa6 17. Rfc1 Qxe2 18. c4 Qd2 19. Bf2 Qg5 20. a4 Rc6 21. Rc2
Rfc8 22. Rac1 Rxc4 23. Rxc4 Qxc1+ 24. Rxc1 Rxc1+ 25. Be1 Rxe1+ 26. Kf2 Rc1 27.
g4 Nd5 28. h4 Nb8 29. Qb5 Nc6 30. h5 Rc3 31. a5 Rxf3+ 32. Kg2 Nxd4 33. Qe8+ Kh7
34. Qa4 Nf4+ 35. Kg1 Nde2+ 0-1

[Event "AUTO-ADV-2897"]
[Site "http://www.queenalice.com/game.php?id=1197412"]
[Date "2013.7.6"]
[Round "1"]
[White "thewhitebishop"]
[Black "ThiagoTanaka"]
[Result "0-1"]
[WhiteElo "2044"]
[BlackElo "1847"]

1. d4 c6 2. c4 d5 3. Nc3 Nf6 4. f3 Bf5 5. Bf4 e6 6. Qb3 Qb6 7. Be5 Nbd7 8. c5
Qxb3 9. axb3 Nxe5 10. dxe5 Nd7 11. e4 Bg6 12. b4 Nxe5 13. O-O-O Be7 14. exd5
cxd5 15. Bb5+ Nc6 16. Nge2 O-O 17. Na2 a5 18. bxa5 Rxa5 19. Nec3 Bxc5 20. Bxc6
bxc6 21. b4 Be3+ 22. Kb2 Rb8 23. Kb3 c5 24. h4 h6 25. h5 Bh7 26. Rh4 Bg5 27. Rh3
cxb4 28. Nxb4 Be7 29. Na2 Rab5 30. Rd4 e5 31. Rxd5 Rxd5 32. f4 Bxb4 33. Nxb4 Rd4
0-1

[Event "AUTO-ADV-2897"]
[Site "http://www.queenalice.com/game.php?id=1197413"]
[Date "2013.7.6"]
[Round "1"]
[White "ThiagoTanaka"]
[Black "thewhitebishop"]
[Result "0-1"]
[WhiteElo "1831"]
[BlackElo "2023"]

1. d4 Nf6 2. Nf3 c5 3. e3 d6 4. dxc5 Qa5+ 5. Bd2 Qxc5 6. Bd3 Nc6 7. O-O e5 8.
Nc3 Bg4 9. h3 Be6 10. Ne4 Nxe4 11. Bxe4 d5 12. Bd3 e4 0-1

[Event "AUTO-ADV-2797"]
[Site "http://www.queenalice.com/game.php?id=1203958"]
[Date "2013.7.30"]
[Round "2"]
[White "jlpbarreto"]
[Black "thewhitebishop"]
[Result "1-0"]
[WhiteElo "1924"]
[BlackElo "1874"]

1. e4 g6 2. d4 Bg7 3. Nf3 c5 4. c3 Nc6 5. dxc5 a5 6. Bc4 Qc7 7. Ng5 Ne5 8. Bf4
e6 9. Bg3 Qxc5 10. Bb3 b5 11. Nf3 Nxf3+ 12. Qxf3 Bb7 13. O-O f5 14. Bc2 Nf6 15.
Nd2 O-O 16. Qe2 Qc6 17. f3 b4 18. c4 Nh5 19. e5 Qc5+ 20. Bf2 Qxe5 21. Qxe5 Bxe5
22. Rab1 Nf4 23. Rfe1 Bg7 24. Bg3 Bd4+ 25. Kf1 g5 26. Bf2 Bf6 27. b3 Bc3 28.
Red1 g4 29. Be3 e5 30. Bxf4 exf4 31. fxg4 fxg4 32. Ne4 Bxe4 33. Bxe4 Rae8 34.
Bd5+ Kg7 35. c5 g3 36. h3 1-0

[Event "AUTO-ADV-2797"]
[Site "http://www.queenalice.com/game.php?id=1203959"]
[Date "2013.7.30"]
[Round "2"]
[White "thewhitebishop"]
[Black "jlpbarreto"]
[Result "0-1"]
[WhiteElo "1860"]
[BlackElo "1938"]

1. d4 Nf6 2. c4 e6 3. Nc3 d5 4. cxd5 exd5 5. Bg5 Be7 6. g3 Nc6 7. Bg2 h6 8. Bxf6
Bxf6 9. e3 Ne7 10. Qb3 c6 11. Nge2 O-O 12. O-O Qb6 13. Qa3 Bf5 14. Na4 Qc7 15.
Rac1 Be4 16. f3 Bg6 17. Nc5 Nf5 18. b4 Rfe8 19. b5 Rxe3 20. Qb2 Rae8 21. Rf2 b6
22. Na4 R8e6 23. Nac3 Nxd4 24. Qd2 Rd3 25. Qf4 Be5 26. Qh4 Nxe2+ 27. Nxe2 c5 28.
Bh3 Re8 29. Bf1 Ra3 30. f4 Bf6 31. Qg4 Bd3 32. Qf3 Bb2 33. Rd1 Bxe2 34. Bxe2
Rxf3 35. Bxf3 Bd4 36. Rxd4 cxd4 0-1

[Event "AUTO-ADV-2839"]
[Site "http://www.queenalice.com/game.php?id=1206905"]
[Date "2013.8.10"]
[Round "2"]
[White "thewhitebishop"]
[Black "MrGreen"]
[Result "0-1"]
[WhiteElo "1975"]
[BlackElo "2447"]

1. d4 d5 2. c4 e6 3. Nc3 Nf6 4. cxd5 exd5 5. Bg5 c6 6. e3 Bd6 7. Bd3 h6 8. Bh4
O-O 9. f3 Re8 10. e4 Nxe4 11. Bxd8 Nxc3+ 12. Qe2 Nxe2 13. Nxe2 Rxd8 14. O-O c5
15. Kh1 cxd4 16. a3 Nc6 17. b4 a5 18. b5 Ne5 19. Rfd1 Nxd3 20. Rxd3 Bf5 21. Rxd4
Be5 0-1

[Event "AUTO-ADV-2839"]
[Site "http://www.queenalice.com/game.php?id=1206906"]
[Date "2013.8.10"]
[Round "2"]
[White "MrGreen"]
[Black "thewhitebishop"]
[Result "1-0"]
[WhiteElo "2443"]
[BlackElo "1977"]

1. Nf3 f5 2. g3 c6 3. Bg2 Nf6 4. d4 d5 5. c4 dxc4 6. O-O b5 7. a4 e6 8. axb5
cxb5 9. Ng5 Nd5 10. e4 fxe4 11. Bxe4 Qf6 12. Nc3 Bd7 13. Bxd5 exd5 14. Nxd5 Qc6
15. Qf3 Be6 16. Re1 Kd7 17. Rxe6 Bd6 18. Qf5 Rf8 19. Rxd6+ 1-0

[Event "AUTO-ADV-2839"]
[Site "http://www.queenalice.com/game.php?id=1206907"]
[Date "2013.8.10"]
[Round "2"]
[White "thewhitebishop"]
[Black "TIKAR"]
[Result "1-0"]
[WhiteElo "1973"]
[BlackElo "1761"]

1. d4 d5 2. c4 b6 3. cxd5 Qxd5 4. Nc3 Qd8 5. e4 e6 6. Bf4 a6 7. Bd3 Nc6 8. d5
exd5 9. Nxd5 Bd6 10. Bxd6 cxd6 11. Rc1 Ne5 12. Nc7+ Ke7 13. Nxa8 Nf6 14. f4
Nxd3+ 15. Qxd3 Bb7 16. Rc7+ 1-0

[Event "AUTO-ADV-2839"]
[Site "http://www.queenalice.com/game.php?id=1206908"]
[Date "2013.8.10"]
[Round "2"]
[White "TIKAR"]
[Black "thewhitebishop"]
[Result "0-1"]
[WhiteElo "1793"]
[BlackElo "1981"]

1. d3 Nf6 2. e4 d5 3. e5 Nfd7 4. d4 e6 5. a3 c5 6. b3 Nc6 7. dxc5 Bxc5 8. Nf3
Ndxe5 9. Nxe5 Nxe5 10. Bb5+ Bd7 11. Bxd7+ Qxd7 12. O-O O-O 13. h3 a5 14. Re1 Nc6
15. Nc3 Rab8 16. Qg4 Nd4 17. Re5 f5 18. Qh4 Rf6 19. Bg5 Rg6 20. Na4 Qc7 21. Bf4
Nf3+ 0-1

[Event "Challenge"]
[Site "http://www.queenalice.com/game.php?id=1207964"]
[Date "2013.8.14"]
[Round "-"]
[White "thewhitebishop"]
[Black "jeancarlo1910"]
[Result "1-0"]
[WhiteElo "1953"]
[BlackElo "1995"]

1. d4 c6 2. c4 d5 3. Nc3 Nf6 4. Bg5 e6 5. e3 Be7 6. Bd3 Nbd7 7. Qc2 g6 8. Nf3
Nh5 9. h4 Bxg5 10. Nxg5 O-O 11. O-O-O Ndf6 12. c5 Ng4 13. e4 Ngf6 14. f3 b5 15.
e5 Nd7 16. Ne2 a5 17. g4 Ng7 18. f4 a4 19. h5 f5 20. h6 Ne8 21. Nxe6 Qa5 22.
gxf5 b4 23. fxg6 b3 24. axb3 axb3 25. Qb1 Nxc5 26. gxh7+ Kh8 27. Nxf8 Nxd3+ 28.
Rxd3 Bf5 29. Rg1 Bxh7 30. Nxh7 Qb4 31. Rc3 Ra2 32. Rcg3 Nf6 33. Nxf6 Qc4+ 34.
Rc3 1-0

[Event "AUTO-ADV-2978"]
[Site "http://www.queenalice.com/game.php?id=1224293"]
[Date "2013.10.13"]
[Round "1"]
[White "thewhitebishop"]
[Black "Diego_Silveira"]
[Result "0-1"]
[WhiteElo "1764"]
[BlackElo "1981"]

1. d4 d5 2. c4 c6 3. Nc3 Nf6 4. Bg5 Ne4 5. Nxe4 dxe4 6. e3 Qa5+ 7. Qd2 Qxg5 8.
c5 g6 9. h4 Qf6 10. Nh3 Bxh3 11. Rxh3 Bg7 12. O-O-O Nd7 13. g4 Qe6 14. b3 a5 15.
Rg3 a4 16. Bc4 Qf6 17. b4 b6 18. g5 Qf5 19. a3 bxc5 20. bxc5 O-O 21. Qe2 Rfb8
0-1

[Event "AUTO-ADV-2978"]
[Site "http://www.queenalice.com/game.php?id=1224294"]
[Date "2013.10.13"]
[Round "1"]
[White "Diego_Silveira"]
[Black "thewhitebishop"]
[Result "1-0"]
[WhiteElo "1988"]
[BlackElo "1757"]

1. d4 Nf6 2. c4 c5 3. d5 b5 4. cxb5 Bb7 5. Nc3 g6 6. e4 Bg7 7. Nf3 a6 8. b6 Qxb6
9. Bd3 Ng4 10. O-O d6 11. h3 Ne5 12. Nxe5 Bxe5 13. Kh1 Nd7 14. f4 Bd4 15. Qe2
Qb4 16. Bd2 e5 17. dxe6 fxe6 18. Rab1 Qb6 19. f5 gxf5 20. exf5 e5 21. Qh5+ 1-0

[Event "AUTO-ADV-2978"]
[Site "http://www.queenalice.com/game.php?id=1224295"]
[Date "2013.10.13"]
[Round "1"]
[White "thewhitebishop"]
[Black "Football_rules"]
[Result "0-1"]
[WhiteElo "1806"]
[BlackElo "1656"]

1. d4 d5 2. c4 dxc4 3. e4 b5 4. Nc3 c6 5. a4 a6 6. axb5 cxb5 7. Nxb5 Bd7 8. Na3
Nf6 9. e5 Ne4 10. Nxc4 e6 11. Qf3 Bc6 12. Qd3 Bb4+ 13. Bd2 Bxd2+ 14. Nxd2 Ng5
15. f4 Qb6 16. Nc4 Qb4+ 17. Kf2 Ne4+ 18. Ke3 O-O 19. Nf3 Bd5 20. Nfd2 Nxd2 21.
Nxd2 Nc6 22. Nf3 h6 23. Be2 Rfd8 24. b3 Bxf3 25. Bxf3 Nxd4 26. Bxa8 Nf5+ 27.
Qxf5 exf5 28. Bf3 Qxb3+ 0-1

[Event "AUTO-ADV-2978"]
[Site "http://www.queenalice.com/game.php?id=1224296"]
[Date "2013.10.13"]
[Round "1"]
[White "Football_rules"]
[Black "thewhitebishop"]
[Result "1-0"]
[WhiteElo "1678"]
[BlackElo "1784"]

1. e4 Nf6 2. d3 c5 3. h3 b5 4. c3 Nc6 5. Bg5 d6 6. Qf3 Ne5 7. Qe2 a5 8. a3 c4 9.
d4 Nd3+ 10. Kd1 Bb7 11. Bxf6 gxf6 12. Qd2 Bxe4 13. Bxd3 Bxd3 14. Nf3 h5 15. Qf4
Bh6 16. Qg3 e5 17. Nbd2 Ke7 18. Ne1 h4 19. Qg4 e4 20. Nxe4 d5 21. Nc5 Rg8 22.
Qxh4 Bg5 23. Qg3 Bc1 24. Qf3 Bxb2 25. Ra2 Bxc3 26. Nexd3 Bxd4 27. Re2+ Kf8 28.
Rhe1 Qd6 29. Nb7 Qxa3 30. Nc1 Qxf3 31. gxf3 1-0

[Event "AUTO-ADV-2978"]
[Site "http://www.queenalice.com/game.php?id=1224297"]
[Date "2013.10.13"]
[Round "1"]
[White "thewhitebishop"]
[Black "Canaye"]
[Result "1-0"]
[WhiteElo "1971"]
[BlackElo "1886"]

1. d4 e6 2. c4 d5 3. Nc3 Bb4 4. f3 Ne7 5. a3 Bxc3+ 6. bxc3 dxc4 7. e4 c5 8. Bxc4
cxd4 9. cxd4 O-O 10. Ne2 Nbc6 11. Bb2 Na5 12. Bd3 Qb6 13. Qc2 Bd7 14. O-O Rac8
15. Bc3 Ng6 16. e5 Nc6 17. Rfb1 Qc7 18. Rb2 Nce7 19. Qb3 b6 20. Ba6 Rb8 21. Rc1
Qd8 22. Bb4 h6 23. Bd6 f5 24. Bxb8 Qxb8 25. d5 Nxd5 26. Nd4 Qxe5 27. Rd2 Kh7 28.
Bb7 Nge7 29. g3 h5 30. Kf2 f4 31. Re1 fxg3+ 32. hxg3 Qg5 33. Qd3+ Kh8 34. Nxe6
Bxe6 35. Rxe6 Nf6 36. Qd6 Ng6 37. f4 Ng4+ 38. Kg2 Nxf4+ 39. gxf4 Ne3+ 40. Kf3
Qg4+ 41. Kxe3 Qg3+ 42. Bf3 Qe1+ 43. Kd3 Qf1+ 44. Ke4 Qe1+ 45. Be2 Qh1+ 46. Ke5
Qa1+ 47. Rd4 Rc8 48. Rh6+ 1-0

[Event "AUTO-ADV-2978"]
[Site "http://www.queenalice.com/game.php?id=1224298"]
[Date "2013.10.13"]
[Round "1"]
[White "Canaye"]
[Black "thewhitebishop"]
[Result "1-0"]
[WhiteElo "1916"]
[BlackElo "1971"]

1. d4 Nf6 2. c4 c5 3. dxc5 Nc6 4. Nf3 Qa5+ 5. Bd2 Qxc5 6. e3 g6 7. Be2 Bg7 8.
Nc3 O-O 9. O-O d6 10. e4 a6 11. a3 Be6 12. b3 a5 13. Be3 Qh5 14. Nd4 Qe5 15.
Ndb5 Nxe4 16. Rc1 d5 17. cxd5 Rfd8 18. Nxe4 Bxd5 19. Nd2 a4 20. bxa4 f5 21. Bb6
Rd7 22. Re1 Qf4 23. Be3 Qh4 24. Nf3 Bxf3 25. Qxd7 Be5 26. g3 f4 27. gxh4 Be4 28.
Bc4+ Kg7 29. Bxf4 Nb8 30. Bxe5+ 1-0

[Event "AUTO-ADV-3017"]
[Site "http://www.queenalice.com/game.php?id=1236265"]
[Date "2013.11.29"]
[Round "1"]
[White "pedroingles"]
[Black "thewhitebishop"]
[Result "1-0"]
[WhiteElo "1717"]
[BlackElo "1847"]

1. d4 Nf6 2. c4 c5 3. dxc5 e5 4. Bg5 Bxc5 5. e3 Qa5+ 6. Nc3 Ne4 7. Bh4 Nxc3 8.
Qb3 Nb1+ 9. Ke2 Nd2 10. Qc3 Qxc3 11. bxc3 Nxc4 12. Ke1 b5 13. Bxc4 bxc4 14. Ne2
1-0

[Event "AUTO-ADV-3017"]
[Site "http://www.queenalice.com/game.php?id=1236266"]
[Date "2013.11.29"]
[Round "1"]
[White "thewhitebishop"]
[Black "pedroingles"]
[Result "0-1"]
[WhiteElo "1826"]
[BlackElo "1738"]

1. d4 Nf6 2. c4 d5 3. Nc3 Bf5 4. cxd5 Nxd5 5. Qb3 Nxc3 6. bxc3 b6 7. f3 e6 8. e4
Bg6 9. Bd3 Be7 10. Bb2 O-O 11. O-O-O Nd7 12. f4 h6 13. g4 c5 0-1

[Event "AUTO-ADV-3017"]
[Site "http://www.queenalice.com/game.php?id=1236277"]
[Date "2013.11.29"]
[Round "1"]
[White "marcomasao"]
[Black "thewhitebishop"]
[Result "1-0"]
[WhiteElo "1717"]
[BlackElo "1937"]

1. e4 Nf6 2. Nc3 d5 3. Qe2 d4 4. Nb1 e5 5. Nf3 Bd6 6. d3 c5 7. c4 Nc6 8. a3 O-O
9. Bg5 a5 10. Nbd2 Be7 11. h3 1-0

[Event "AUTO-ADV-3017"]
[Site "http://www.queenalice.com/game.php?id=1236278"]
[Date "2013.11.29"]
[Round "1"]
[White "thewhitebishop"]
[Black "marcomasao"]
[Result "0-1"]
[WhiteElo "1964"]
[BlackElo "1690"]

1. d4 e6 2. c4 c5 3. d5 Nf6 4. Nc3 Na6 5. e4 h6 6. e5 Nh7 7. d6 g6 8. f4 b6 9.
Qf3 Rb8 10. Nb5 Bb7 11. Qg3 Bg7 12. Bd3 Nb4 0-1

[Event "AUTO-ADV-3017"]
[Site "http://www.queenalice.com/game.php?id=1236285"]
[Date "2013.11.29"]
[Round "1"]
[White "thewhitebishop"]
[Black "qxr"]
[Result "0-1"]
[WhiteElo "1892"]
[BlackElo "1839"]

1. d4 Nf6 2. c4 c5 3. d5 Na6 4. Nc3 d6 5. e4 g6 6. f4 Bg7 7. Nf3 O-O 8. Be2 Nc7
9. O-O Re8 10. e5 Nd7 11. Be3 dxe5 12. fxe5 Nxe5 0-1

[Event "AUTO-ADV-3017"]
[Site "http://www.queenalice.com/game.php?id=1236286"]
[Date "2013.11.29"]
[Round "1"]
[White "qxr"]
[Black "thewhitebishop"]
[Result "1-0"]
[WhiteElo "1819"]
[BlackElo "1912"]

1. d4 Nf6 2. c4 c5 3. d5 b5 4. cxb5 a6 5. e3 d6 6. Bc4 g6 7. Qe2 Bg7 8. Nc3 O-O
9. h3 Bb7 10. Qd3 Qa5 11. Bd2 Qb4 12. b3 1-0